000 00424nam a2200145Ia 4500
008 230917s9999||||xx |||||||||||||| ||und||
040 _e5015139
_aMAIN
041 _aEnglish
082 _a615.321 R739T
100 _aRosy Kumari
245 0 _aTherapeutic potential of some selected medicinal plants and their molecular docking studies in promoting oral hygiene
260 _c2021
300 _axviii, 158 p.
942 _cBK
999 _c10685
_d10685